Online
Catalog

Arbert Camus / (Record no. 21410)

MARC details
000 -CABECERA
campo de control de longitud fija 00614nam a2200217 a 4500
001 - NÚMERO DE CONTROL
campo de control 000021912
003 - IDENTIFICADOR DEL NÚMERO DE CONTROL
campo de control OSt
005 - FECHA Y HORA DE LA ÚLTIMA TRANSACCIÓN
campo de control 20200930140316.0
008 - DATOS DE LONGITUD FIJA--INFORMACIÓN GENERAL
campo de control de longitud fija 100914s1970 sp r 000 |bspa d
020 ## - NÚMERO INTERNACIONAL ESTÁNDAR DEL LIBRO
Número Internacional Estándar del Libro 8432024031
040 ## - FUENTE DE LA CATALOGACIÓN
Centro catalogador/agencia de origen DO-SdBNP
Lengua de catalogación spa
Centro/agencia transcriptor BNPHU
100 1# - ENTRADA PRINCIPAL--NOMBRE DE PERSONA
Nombre de persona Palomares, Alfonso
9 (RLIN) 45473
245 10 - MENCIÓN DE TÍTULO
Título Arbert Camus /
Mención de responsabilidad, etc. Alfonso Palomares.
260 ## - PUBLICACIÓN, DISTRIBUCIÓN, ETC.
Lugar de publicación, distribución, etc. Madrid :
Nombre del editor, distribuidor, etc. EPESA,
Fecha de publicación, distribución, etc. 1970.
300 ## - DESCRIPCIÓN FÍSICA
Extensión 193 p. ;
Dimensiones 20 cm.
490 1# - MENCIÓN DE SERIE
Mención de serie Grandes Escritores Contemporáneos;
Designación de volumen o secuencia 21
590 ## - NOTA LOCAL (RLIN)
Nota local Inventariado, 2020 / DG
600 10 - PUNTO DE ACCESO ADICIONAL DE MATERIA--NOMBRE DE PERSONA
Nombre de persona CAMUS, ALBERT,
Fechas asociadas al nombre 1913-1960
9 (RLIN) 4231
910 ## - DATOS DE OPCIÓN DEL USUARIO (OCLC)
Datos de opción del usuario Inventariado, 2020 / DG
942 ## - ELEMENTOS DE PUNTO DE ACCESO ADICIONAL (KOHA)
Fuente del sistema de clasificación o colocación Dewey Decimal Classification
Tipo de ítem Koha Libros y folletos
Holdings
Estado de retiro Estado de pérdida Fuente del sistema de clasificación o colocación Restricciones de uso No para préstamo Código de colección Localización permanente Ubicación/localización actual Ubicación en estantería Fecha de adquisición Fuente de adquisición Número de inventario Total de préstamos Signatura topográfica completa Código de barras Fecha visto por última vez Precio válido a partir de Tipo de ítem Koha Número de copia
    Dewey Decimal Classification   Excluido de préstamo Monografías: Libros y Folletos General General En catalogación 14.09.2010 Donaciòn LF1   21912-10 25.06.2020 25.06.2020 No se presta  
  Extraviado     Excluido de préstamo Monografías: Libros y Folletos General General Extraviado 17.04.2017   LF1   21912-20 25.06.2020 25.06.2020 No se presta e. 2

Powered by Koha